000 00183nam a22000857a 4500
001 1254508
005 20251117124537.0
245 _a72.KOĞUŞ
_cORHAN KEMAL
260 _bEVEREST YAYINLARI
999 _c1254508
_d1254508